000 00278nam a22001217a 4500
008 181205b xxu||||| |||| 00| 0 eng d
041 _aeng
080 _26 TH
_a616.12
100 _a8
101 _aKAR
245 _aPractical Electrocardiogarphy
_cHenry.J.M
942 _2udc
_cBK
999 _c52855
_d52855